| 000 | 00989nam a2200289 a 4500 | ||
|---|---|---|---|
| 001 | 000029413 | ||
| 003 | DO-SdBNP | ||
| 005 | 20230711115135.0 | ||
| 007 | ta | ||
| 008 | 110415s1957 dr r 000 0 spa d | ||
| 040 |
_aDO-SdBNP _bspa _cBNPHU _erda |
||
| 041 | _hspa | ||
| 082 | 4 |
_a330.97293 _bR426a _222 |
|
| 110 |
_aRepública Dominicana. Dirección Nacional de Estadística _983740 |
||
| 245 | 0 | 0 | _aAnuario estadístico de la República Dominicana 1954 / |
| 264 | 4 |
_aCiudad Trujillo : _bEditora del Caribe, _c1957. |
|
| 300 |
_a743 páginas; _bmapas, _c24 cm. |
||
| 336 |
_2 texto _atxt _brdacontent |
||
| 337 |
_asin mediación _bn _2rdamedia |
||
| 338 |
_avolumen _bnc _2rdacarrier |
||
| 590 | _aInventariado, 2019/BT | ||
| 650 | 4 |
_aEconomía _vEstadísticas _zRepública Dominicana _983741 |
|
| 650 | 4 |
_aEducación _xEstadísticas _zRepública Dominicana _972017 |
|
| 651 | 4 |
_aRepública Dominicana _xCensos _92322 |
|
| 910 | _aValidado. Control de Calidad/MAA | ||
| 942 |
_2ddc _cLBS1 |
||
| 999 |
_c28905 _d28905 |
||